000 00392nam a2200169Ia 4500
001 4324
003 IN-NITTTR
005 20251114232958.0
008 251113s9999||||xx |||||||||||||| ||eng||
040 _beng
040 _cIN-NITTTR
041 _aeng
082 _a370.71 J641T
100 _aJohnston, D. J.
245 0 _aTeachers in -service education /
_cJohnston, D. J.
942 _2ddc
_cBK
999 _c6960
_d6960